हाशिए पर : (Record no. 118034)
[ view plain ]
| 000 -LEADER | |
|---|---|
| fixed length control field | 01113nam a22002777a 4500 |
| 003 - CONTROL NUMBER IDENTIFIER | |
| control field | dpl |
| 005 - DATE AND TIME OF LATEST TRANSACTION | |
| control field | 20181128151231.0 |
| 008 - FIXED-LENGTH DATA ELEMENTS--GENERAL INFORMATION | |
| fixed length control field | 181128b ||||| |||| 00| 0 eng d |
| 010 ## - LIBRARY OF CONGRESS CONTROL NUMBER | |
| LC control number | B-138161 |
| 020 ## - INTERNATIONAL STANDARD BOOK NUMBER | |
| Terms of availability | 150.00 |
| International Standard Book Number | 8181600398 |
| 035 ## - SYSTEM CONTROL NUMBER | |
| System control number | B-138161 |
| 037 ## - SOURCE OF ACQUISITION | |
| Source of stock number/acquisition | Cen Lib/Ret |
| 040 ## - CATALOGING SOURCE | |
| Original cataloging agency | DPL |
| Language of cataloging | HN |
| Transcribing agency | 0 |
| 082 ## - DEWEY DECIMAL CLASSIFICATION NUMBER | |
| Classification number | 821 |
| Item number | मुदलि |
| 100 ## - MAIN ENTRY--PERSONAL NAME | |
| Personal name | मुदलियार, प्रतिभा |
| 9 (RLIN) | 40 |
| 245 ## - TITLE STATEMENT | |
| Title | हाशिए पर : |
| Statement of responsibility, etc | प्रतिभा मुदलियार |
| Remainder of title | कविता संग्रह / |
| 246 ## - VARYING FORM OF TITLE | |
| Title proper/short title | Hanshiye per : kavita sangrah / |
| Remainder of title | by Pratibha Mudliar |
| 260 ## - PUBLICATION, DISTRIBUTION, ETC. (IMPRINT) | |
| Place of publication, distribution, etc | नयी दिल्ली |
| Name of publisher, distributor, etc | सार्थक प्रकाशन |
| Date of publication, distribution, etc | 2005 |
| 270 ## - ADDRESS | |
| Address | 100ए गौतम नगर |
| City | नयी दिल्ली |
| Postal code | 110049 |
| 300 ## - PHYSICAL DESCRIPTION | |
| Extent | 110पृ. |
| Dimensions | 21सेमी (सजिल्द) |
| 650 ## - SUBJECT ADDED ENTRY--TOPICAL TERM | |
| Topical term or geographic name as entry element | साहित्य--कविता |
| 9 (RLIN) | 78047 |
| 650 ## - SUBJECT ADDED ENTRY--TOPICAL TERM | |
| Topical term or geographic name as entry element | हिन्दी कविताएं |
| 9 (RLIN) | 78048 |
| 650 ## - SUBJECT ADDED ENTRY--TOPICAL TERM | |
| Topical term or geographic name as entry element | Literature--Poem |
| 9 (RLIN) | 78049 |
| 650 ## - SUBJECT ADDED ENTRY--TOPICAL TERM | |
| Topical term or geographic name as entry element | Hindi poems |
| 9 (RLIN) | 78050 |
| 942 ## - ADDED ENTRY ELEMENTS (KOHA) | |
| Source of classification or shelving scheme | Dewey Decimal Classification |
| Koha item type | Hindi Books |
| Classification part | 821 |
| Call number suffix | मुदलि |
| Withdrawn status | Lost status | Damaged status | Not for loan | Home library | Current library | Date acquired | Source of acquisition | Cost, normal purchase price | Total Checkouts | Full call number | Barcode | Date last seen | Date checked out | Copy number | Cost, replacement price | Price effective from | Koha item type | Source of classification or shelving scheme | Collection code |
|---|---|---|---|---|---|---|---|---|---|---|---|---|---|---|---|---|---|---|---|
| Central Library | Central Library | 09/09/2015 | Cen Lib/Ret | 150.00 | 2 | 821 मुदलि | B-138157 | 27/05/2024 | 20/05/2024 | 1 | 150.00 | 09/09/2015 | Hindi Books | ||||||
| Shahdara Branch | Shahdara Branch | 28/11/2018 | BPPD/PUB | 150.00 | 821 मुदलि | B-138161 | 28/11/2018 | 150.00 | 28/11/2018 | Hindi Books | Dewey Decimal Classification | Non-fiction |
